Porovnanie podporných mechanizmov pre startup firmy na Slovensku a vo vybraných krajinách EÚ bakalárska práca

Na minha lista:
Detalhes bibliográficos
Autor principal: Víteková, Katarína
Autor Corporativo: Národohospodárska fakulta EU. Katedra hospodárskej politiky
Outros Autores: Kopkáš, Peter
Formato: Livro
Idioma:eslovaco
Publicado em: Bratislava 2019
Tags: Adicionar Tag
Sem tags, seja o primeiro a adicionar uma tag!

MARC

LEADER 00000nbm a2200000 4500
001 0256458
005 20191218092405.8
041 0 |a slo 
044 |a SK 
245 1 0 |a Porovnanie podporných mechanizmov pre startup firmy na Slovensku a vo vybraných krajinách EÚ  |b bakalárska práca  |c Katarína Víteková ; školiteľ: Peter Kopkáš 
264 1 |a Bratislava  |c 2019 
300 |a 52 s. 
100 1 |a Víteková, Katarína 
700 1 |a Kopkáš, Peter 
710 2 |a Národohospodárska fakulta EU. Katedra hospodárskej politiky